| 000 | 00825cam a2200301I 4500 | ||
|---|---|---|---|
| 001 | 4597038 | ||
| 003 | ARRUPE | ||
| 005 | 20150908121507.0 | ||
| 008 | 730216s1957 enka 000 0 eng d | ||
| 020 | _a0836926536 | ||
| 035 | _a(OCoLC)ocm00560372 | ||
| 035 | _a(NNC)4597038 | ||
| 040 |
_aCSU _cCSU _dOCL _dEL$ |
||
| 050 | 1 |
_aHM101 _b.H76 1957 |
|
| 098 | _aHH48 | ||
| 100 | 1 |
_aHoyle, Fred, _d1915-2001. _919458 |
|
| 245 | 1 | 0 |
_aMan and materialism. _cFred Hoyle |
| 260 |
_aLondon, _bAllen & Unwin _c[1957] |
||
| 300 |
_a161 p. _c20 cm. |
||
| 490 | 1 |
_aWorld perspectives ; _vv. 7 |
|
| 650 | 0 |
_aProgress. _919459 |
|
| 650 | 0 |
_aSocial problems. _96331 |
|
| 650 | 4 |
_aProgreso _919460 |
|
| 650 | 4 |
_aProblemas sociales _919461 |
|
| 830 | 0 |
_aWorld perspectives ; _vv. 7. _919462 |
|
| 942 |
_2lcc _cMONOGRAPH |
||
| 999 |
_c123281 _d123281 |
||